000 00972cam a2200289 i 4500
001 25909
003 Mx-PuUPA
005 20250618131605.0
008 140415s2002 mx gr 000 0 spa d
040 _aMx-PuUPA
_bspa
_cMx-PuUPA
_dMx-PuUPA
_erda
041 _aspa
100 1 _aNietzsche, Friedrich
_eautor
240 1 3 _aOn the genealogy of morals
_lEspañol
245 1 3 _aLa genealogía de la moral /
_cFriedrich Nietzsche
250 _a1a. edición /
_bagosto
264 1 _aMéxico, D.F. :
_bGrupo Editorial Tomo,
_c©2002
300 _a224 páginas ;
_c19 cm
336 _2rdacontent
_atexto
_btxt
337 _2rdamedia
_asin medio
_bn
338 _2rdacarrier
_avolumen
_bnc
650 7 _2armarc
_913986
700 1 _aMares, Roberto,
_etraductor
_910834
765 0 _aNietzsche, Friedrich
_tOn the genealogy of morals
942 _2ddc
_cLI
_hxx
_ixx
999 _c25909
_d25909